Normal view
MARC view
- Noor-Ul-Haq
Entry Personal Name
001 - CONTROL NUMBER
- control field: 68785
003 - CONTROL NUMBER IDENTIFIER
- control field: NUST
005 - DATE AND TIME OF LATEST TRANSACTION
- control field: 20210628204117.0
008 - FIXED-LENGTH DATA ELEMENTS
- fixed length control field: 210628|| aca||aabn | a|a d
040 ## - CATALOGING SOURCE
- Original cataloging agency: NUST
- Transcribing agency: NUST
100 ## - HEADING--PERSONAL NAME
- Personal name: Noor-Ul-Haq
670 ## - SOURCE DATA FOUND
- Source citation: Work cat.: (NUST): Noor-Ul-Haq, Making of pakistan , the military perspective, 1995
